Statistiques concernant Pokémon - Equipes des champions 1G

Cliquez ici pour prendre le quiz!

Statistiques générales

  • Ce quiz a été pris 1 634 fois
  • Le résultat moyen est 44 sur 56

Statistiques - réponses

HintRéponse% Correct
Onix
99%
Onix
99%
AldoOnix
99%
PierreRacaillou
99%
Raichu
96%
OndineStari
95%
Staross
94%
Draco
91%
Draco
91%
Dracolosse
90%
Starter PlanteDracaufeu
89%
Starter EauFlorizarre
88%
Starter FeuTortank
88%
Alakazam
87%
Alakazam
87%
AgathaEctoplasma
87%
Ectoplasma
87%
Major BobVoltorbe
87%
Starter non PlanteArcanin
85%
Arcanin
85%
Pikachu
85%
Rafflésia
85%
Galopa
81%
PeterLeviator
80%
Starter non FeuLeviator
80%
ErikaEmpiflor
79%
Kadabra
78%
OlgaLamantine
78%
Mackogneur
78%
Nidoking
77%
Smogo
77%
KogaSmogo
77%
Tygnon
77%
Nidoqueen
76%
Spectrum
76%
Kicklee
74%
Rhinoféros
74%
Ptera
73%
Lokhlass
72%
Smogogo
72%
Grotadmorv
71%
BlueRoucarnage
71%
GiovanniRhinocorne
69%
Rhinocorne
69%
Ponyta
67%
Aeromite
66%
AugusteCaninos
66%
Lippoutou
66%
Starter non EauNoadkoko
64%
Arbok
61%
Crustabri
61%
Nosferalto
59%
Saquedeneu
59%
Triopikeur
57%
Flagadoss
54%
MorganeM.Mime
54%

Distribution des résultats

Percentile par nombre de réponses

% des personnes avec chaque résultat

Votre développement - résultats

Vous n’avez pas pris ce quiz